[Event "Satka Autumn 2017"]
[Site "Satka"]
[Date "2017.09.15"]
[Round "4"]
[White "Kovanova, Baira"]
[Black "Gutkovich, Polina"]
[Result "1-0"]
[WhiteElo "2368"]
[BlackElo "2012"]
[Annotator "TA"]
[PlyCount "87"]
[EventDate "2017.??.??"]
[EventType "swiss"]
[EventCountry "RUS"]
[SourceTitle "playchess.com"]
[Source "ChessBase"]
[SourceQuality "1"]

{[%evp 17,87,14,0,-24,21,-36,-39,-36,84,0,0,-8,8,0,14,-43,-27,-70,-25,-83,-79,-108,-117,-110,-108,-110,-62,-87,-46,-80,-70,-60,-51,-46,-8,-18,0,-93,-31,-85,-85,-297,-297,-304,-287,-294,-287,-272,-260,-262,-264,-449,-331,-465,-450,-456,-468,-450,-452,-650,-213,-202,795,761,839,854,29995,29996,29996,29996,29996,29997]} 1. c4 Nf6 2. Nc3 g6 3. Nf3 Bg7 4. d4 O-O 5. Bg5 c5 6. e3 h6 7. Bh4 d6 8. Be2 g5 9. Bg3 Nh5 {LiveBook: 73 Games} 10. Qd3 {E61: King's Indian: Early deviations for White, including Smyslov System} (10. d5 f5 11. Qc2 Qe8 12. Rd1 a6 13. Nd2 Nd7 14. O-O Ndf6 15. Rfe1 Qf7 16. Nf1 Bd7 17. f4 Ng4 18. Bxg4 fxg4 19. fxg5 hxg5 {0-1 (34) Tomashevsky,E (2733)-Ding,L (2680) St Petersburg 2012}) 10... f5 (10... g4 {with more complications.} 11. Nh4 cxd4 12. exd4 Nc6 13. d5 Nd4) 11. Nd2 $146 (11. dxc5 $11 Nxg3 12. hxg3) ({Find the theoretical novelty and annotate with similar games:} 11. Rd1 g4 12. Nh4 cxd4 13. exd4 f4 14. Qg6 fxg3 15. Qxh5 gxf2+ 16. Kf1 Qd7 17. h3 g3 {1-0 (41) Tihonov,J (2494)-Erdogdu,M (2383) Lvov 2006}) 11... Nxg3 $15 12. hxg3 {Black is slightly better.} e5 (12... cxd4 $15 {stays ahead.} 13. exd4 Nc6) 13. Nb3 ({Better is} 13. dxc5 $16 dxc5 14. Qd5+ Qxd5 15. cxd5) 13... cxd4 $11 14. exd4 e4 15. Qd2 a5 {Black wants to play ...a4.} 16. a4 ({White should play} 16. O-O-O $11) 16... Nc6 $15 17. Nb5 Qe7 18. O-O-O (18. O-O $11) 18... Bd7 19. Nc7 Rac8 20. Nd5 Qd8 $1 21. Kb1 Be6 22. Rc1 Kh7 23. Nc3 {Threatens to win with d5.} Nb4 24. Nb5 Bf7 25. d5 Kg8 26. N3d4 Qf6 27. g4 (27. Ka1 $11) 27... f4 (27... fxg4 $1 $17 28. Bxg4 Bg6) 28. Nf5 (28. Ka1 $15) 28... Bg6 $1 $17 {[%cal Rg6f5]} 29. Ka1 $2 (29. Qc3 $17 {is a better defense.} f3 30. Qxf6 (30. gxf3 exf3 31. Qxf6 Rxf6 $11) 30... Rxf6 31. gxf3 Bxf5 32. gxf5 exf3 33. Bxf3) 29... Bxf5 $19 30. gxf5 {[#]} e3 $1 {[%cal Re3d2]} 31. fxe3 fxe3 32. Qc3 {next Qxf6 is good for White.} Qxf5 33. Qb3 Qe5 34. Rc3 $2 (34. g4 {keeps fighting.}) 34... Rce8 35. Nc7 (35. g4 {was called for.}) 35... Re7 36. Ne6 Rf2 37. Re1 Rxg2 38. c5 (38. Nxg7 $142 Kxg7 39. c5) 38... Qg3 $2 (38... Rf7 39. Rcc1 {[#]} Nd3 $1 {[%mdl 512]} 40. cxd6 Nxc1 41. Rxc1 Rxe2 42. Rc8+ Bf8 43. Nxf8 Rxf8) 39. Rcc1 {Hoping for cxd6.} Be5 $4 {[%mdl 8192]} (39... Rxe6 $19 40. dxe6 d5) 40. cxd6 $18 {White wants to mate with Rc8+.} Bxd6 41. Rc8+ Kf7 42. Bh5+ {White mates.} Kf6 43. Rf8+ Ke5 44. Rxe3+ {Precision: White = 25%, Black = 39%.} 1-0

[Event "Satka Autumn 2017"]
[Site "Satka"]
[Date "2017.09.15"]
[Round "4"]
[White "Mirzoeva, Elmira"]
[Black "Chan, Naruna"]
[Result "1/2-1/2"]
[WhiteElo "2329"]
[BlackElo "1951"]
[Annotator "TA"]
[PlyCount "121"]
[EventDate "2017.??.??"]
[EventType "swiss"]
[EventCountry "RUS"]
[SourceTitle "playchess.com"]
[Source "ChessBase"]
[SourceQuality "1"]

1. Nf3 {Program Activation Required} f5 2. d3 Nf6 3. e4 d6 4. exf5 (4. Nc3 Nc6 5. exf5 Bxf5 6. d4 Nb4 7. Bb5+ c6 8. Ba4 g6 9. O-O Bg7 10. Ne2 O-O 11. Ng3 Bd7 {1-0 (37) Ding,L (2777)-Zhang,Z (2634) China 2016}) 4... Bxf5 5. d4 g6 6. Bd3 {A04: Holländisches System ohne Übergang in andere Systeme} Qd7 7. Nc3 Bg7 8. O-O O-O 9. Bg5 $146 ({Vorgänger:} 9. Re1 Bg4 10. h3 Bh5 11. Bc4+ d5 {1-0 (44) Hawkins,J (2563)-McDonald,N (2415) London 2015}) 9... Bg4 10. Be2 Nc6 11. d5 Bxf3 12. Bxf3 Ne5 13. Be2 c6 14. h3 cxd5 15. Nxd5 Nxd5 16. Qxd5+ Kh8 17. Be3 e6 18. Qb3 Nc6 19. Rad1 d5 20. c3 Qf7 21. Qa4 a6 22. a3 b5 23. Qh4 Rab8 24. Bc1 a5 25. Qg3 Rfd8 26. h4 b4 27. cxb4 axb4 28. a4 Nd4 29. Bd3 e5 30. f3 Qa7 31. Kh1 Qxa4 32. h5 gxh5 33. Qh4 Qe8 34. g4 Rd6 35. Rde1 Qf7 36. Qh3 Ne6 37. Bf5 Nd4 38. Bb1 Rf8 39. gxh5 h6 40. Be3 Rf6 41. Bxd4 exd4 42. Bg6 Rxf3 43. Rxf3 Qxf3+ 44. Qxf3 Rxf3 45. Kg2 Re3 46. Rxe3 dxe3 47. b3 Bc3 48. Kf3 d4 49. Ke2 Kg7 50. Kf3 Kf6 51. Be8 Be1 52. Bg6 Kg5 53. Be8 Bf2 54. Ke2 Kf4 55. Bc6 Bh4 56. Bd5 Bg5 57. Bc6 Kg3 58. Be4 Bf4 59. Bf5 Kh4 60. Bg6 Be5 61. Bf7 1/2-1/2

[Event "Satka Autumn 2017"]
[Site "Satka"]
[Date "2017.09.15"]
[Round "4"]
[White "Schepetkova, Margarita"]
[Black "Charochkina, Daria"]
[Result "1-0"]
[WhiteElo "2266"]
[BlackElo "2339"]
[Annotator "RC"]
[PlyCount "91"]
[EventDate "2017.??.??"]
[EventType "swiss"]
[EventCountry "RUS"]
[SourceTitle "playchess.com"]
[Source "ChessBase"]
[SourceQuality "1"]
[TimeControl "5400+30"]

1. d4 {[%emt 0:00:00]} f5 {[%emt 0:00:03]} 2. Nc3 {[%emt 0:00:02]} Nf6 {[%emt 0:00:04]} 3. Bg5 {[%emt 0:00:16]} c6 {[%emt 0:00:02]} 4. Qd3 {[%emt 0:05:03]} d5 {[%emt 0:00:10]} 5. f3 {[%emt 0:00:26]} b5 {[%emt 0:00:04]} 6. a3 {[%emt 0:00:05]} e6 {[%emt 0:00:16]} 7. e4 {[%emt 0:01:11]} Be7 {[%emt 0:00:58]} 8. e5 {[%emt 0:00:51]} Nfd7 {[%emt 0:01:03]} 9. Bxe7 {[%emt 0:00:06]} Qxe7 {[%emt 0:00:05]} 10. f4 {[%emt 0:00:15]} Nb6 {[%emt 0:01:56]} 11. b3 {[%emt 0:04:18]} a6 {[%emt 0:12:58]} 12. Nf3 {[%emt 0:02:28]} c5 {[%emt 0:00:05]} 13. dxc5 {[%emt 0:02:09]} Qxc5 {[%emt 0:00:03]} 14. Qd4 {[%emt 0:01:39]} Qc7 {[%emt 0:00:39]} 15. Bd3 {[%emt 0:15:46]} O-O {[%emt 0:08:47]} 16. Ne2 {[%emt 0:06:25]} Bb7 {[%emt 0:02:51]} 17. O-O {[%emt 0:02:30]} N8d7 {[%emt 0:01:04]} 18. Qe3 {[%emt 0:01:24]} Rfe8 {[%emt 0:01:51]} 19. Ned4 {[%emt 0:01:26]} Nc5 {[%emt 0:00:57]} 20. Kh1 {[%emt 0:02:58]} Rac8 {[%emt 0:00:19]} 21. Rg1 {[%emt 0:00:45]} Nxd3 {[%emt 0:22:50]} 22. cxd3 {[%emt 0:00:48]} h6 {[%emt 0:14:24]} 23. Rgc1 {[%emt 0:03:30]} Qd8 {[%emt 0:00:43]} 24. Rxc8 {[%emt 0:01:34]} Qxc8 {[%emt 0:05:12]} 25. Rc1 {[%emt 0:01:07]} Qd7 {[%emt 0:00:19]} 26. Qd2 {[%emt 0:02:48]} Rc8 {[%emt 0:01:34]} 27. h3 {[%emt 0:05:02]} Kf7 {[%emt 0:03:17]} 28. Kg1 {[%emt 0:03:43]} Rc7 {[%emt 0:01:52]} 29. Kf2 {[%emt 0:06:20]} Qc8 {[%emt 0:05:57]} 30. Rxc7+ {[%emt 0:00:50]} Qxc7 {[%emt 0:00:04]} 31. Qc2 {[%emt 0:01:03]} Qe7 {[%emt 0:01:02]} 32. Qc1 {[%emt 0:00:30]} Ke8 {[%emt 0:00:52]} 33. g3 {[%emt 0:01:16]} Kf7 {[%emt 0:02:01]} 34. b4 {[%emt 0:05:49]} Na4 {[%emt 0:00:16]} 35. g4 {[%emt 0:03:45]} g6 {[%emt 0:06:04]} 36. g5 {[%emt 0:00:19]} h5 {[%emt 0:00:22]} 37. Nd2 {[%emt 0:00:38]} a5 {[%emt 0:01:58]} 38. Nxb5 {[%emt 0:02:56]} d4 {[%emt 0:00:18]} 39. Nd6+ {[%emt 0:01:56]} Kg7 {[%emt 0:00:24]} 40. Qc4 {[%emt 0:00:41]} Nc3 {[%emt 0:04:08]} 41. Qxd4 {[%emt 0:00:53]} Nd1+ {[%emt 0:00:42]} 42. Ke1 {[%emt 0:00:20]} Bd5 {[%emt 0:01:43]} 43. Kxd1 {[%emt 0:00:23]} axb4 {[%emt 0:00:01]} 44. axb4 {[%emt 0:01:22]} Kh7 {[%emt 0:00:11]} 45. Qc5 {[%emt 0:00:35]} Qd7 {[%emt 0:00:09]} 46. b5 {[%emt 0:00:18]} 1-0

[Event "Satka Autumn 2017"]
[Site "Satka"]
[Date "2017.09.15"]
[Round "4"]
[White "Maletina, Tatiana"]
[Black "Matsenko, Elena"]
[Result "1/2-1/2"]
[WhiteElo "2241"]
[BlackElo "1927"]
[Annotator "TA"]
[PlyCount "82"]
[EventDate "2017.??.??"]
[EventType "swiss"]
[EventCountry "RUS"]
[SourceTitle "playchess.com"]
[Source "ChessBase"]
[SourceQuality "1"]

{[%evp 9,82,-5,6,-36,-8,0,13,13,2,-41,0,-8,22,22,32,29,14,14,58,22,72,69,80,75,81,73,110,112,155,131,132,152,254,129,135,19,8,0,0,-68,25,25,18,0,0,0,0,0,0,-206,-213,-213,-194,-186,-186,-186,-128,-128,-125,-128,-144,-186,-185,-181,-184,-179,-175,-177,-163,-225,-199,-235,0,-225,-225]} 1. d4 e6 2. Nf3 Nf6 3. Bf4 b6 4. Nbd2 Bb7 5. c3 (5. e3 Be7 6. h3 c5 7. c3 cxd4 8. exd4 d6 9. Bd3 O-O 10. O-O Nbd7 11. Re1 a6 12. a4 Re8 13. Bh2 Qc7 14. c4 Bf8 15. a5 bxa5 16. Qa4 Bc6 17. Qxa5 Qb7 18. Qc3 {½-½ (76) Golubov,S (2481)-Jakovenko,D (2714) Moscow 2016}) 5... Be7 {LiveBook: 19 Games} 6. Qc2 {A47: 1 d4 Nf6 2 Nf3 b6: Torre, London and Colle Systems} d5 7. e3 Nbd7 8. h3 {The position is equal.} c5 9. g4 $146 ({Predecessor:} 9. Rc1 O-O 10. Be2 Re8 11. Ne5 Nxe5 12. dxe5 {½-½ (45) Rodrigues,V (1760)-Dantas,F (1983) Fortaleza 2013}) 9... h6 10. Rg1 a6 (10... g5 $5 {[%cal Rg5f4]} 11. Bg3 O-O $11) 11. h4 Ne4 12. g5 hxg5 13. hxg5 Nxd2 14. Qxd2 (14. Kxd2 {is more complex.} b5 15. Be2 cxd4 16. exd4 Qb6 17. Rh1) 14... Nf8 15. Bd3 Bd6 16. O-O-O Bxf4 17. exf4 c4 18. Bc2 Qe7 19. Rde1 O-O-O 20. f5 Kb8 (20... Qc7 $16 21. g6 f6) 21. fxe6 ({Only move:} 21. Qf4+ $18 Ka7 22. Ne5) 21... Nxe6 $16 22. g6 (22. Ne5 $16) 22... f6 $1 $11 23. Bf5 Bc8 $1 24. Qe3 ({Better is} 24. Bxe6 $11 Bxe6 25. Qf4+ Qd6 26. Qxd6+ Rxd6 27. Rh1 Rxh1 28. Rxh1) 24... Rhe8 (24... Qd6 $15) 25. Nh4 Qd6 26. Bxe6 Rxe6 27. Qf3 Rde8 28. Kd2 Re4 (28... Qc6 $5 {[%cal Rc6b5]} 29. Rxe6 Bxe6 $11) 29. Ng2 $2 {[#]} (29. Nf5 $11 Bxf5 30. Qxf5) 29... Bg4 $19 30. Qg3 Qxg3 31. fxg3 Re2+ 32. Kc1 Rxe1+ ({Black should play} 32... Bf5 $19 {White must now prevent ...Rc2+.} 33. Rh1 Rc2+ 34. Kd1 Rxe1+ 35. Nxe1 Rxb2 36. Rh8+ Kc7) 33. Rxe1 $17 Rxe1+ 34. Nxe1 $19 {[%mdl 4096] Endgame KB-KN} Bf5 35. Ng2 Bxg6 36. Kd2 Kc7 37. Nf4 {[#]} Bf7 $1 38. Ke3 Kd6 39. g4 (39. Kf2 {might work better.}) 39... Be8 40. Kf3 Bf7 41. Ke3 $1 g5 {Precision: White = 52%, Black = 47%.} 1/2-1/2

[Event "Satka Autumn 2017"]
[Site "Satka"]
[Date "2017.09.15"]
[Round "4"]
[White "Protopopova, Anastasiya"]
[Black "Makarenko, Alexandra"]
[Result "0-1"]
[WhiteElo "2152"]
[BlackElo "2251"]
[Annotator "TA"]
[PlyCount "114"]
[EventDate "2017.??.??"]
[EventType "swiss"]
[EventCountry "RUS"]
[SourceTitle "playchess.com"]
[Source "ChessBase"]
[SourceQuality "1"]

{[%evp 21,114,35,58,54,56,35,39,39,41,41,42,42,54,35,43,43,43,47,68,47,49,45,52,50,56,40,37,24,91,91,314,306,290,0,0,0,0,0,0,0,0,0,0,0,18,0,10,-70,-71,-264,-264,-264,-258,-245,-247,-256,-247,-219,-219,-219,-219,-256,-229,-256,-256,-256,-235,-410,-358,-610,-383,-1879,-1858,-1778,-1500,-1848,-865,-851,-764,-2445,-2445,-2445,-1184,-29979,-29980,-29980,-29981,-29981,-29982,-29982,-29983,-29983,-29984,-29984,-29985]} 1. d4 Nf6 2. c4 g6 3. Nc3 Bg7 4. e4 d6 5. h3 O-O 6. Be3 c5 7. Nf3 cxd4 8. Nxd4 b6 {E90: King's Indian: Classical: Early deviations and 6 h3} 9. g3 Bb7 10. Bg2 Nbd7 11. O-O Rb8 {LiveBook: 4 Games} (11... Nc5 12. Qc2 Rc8 13. Rfd1 Qd7 14. a4 a5 15. Nd5 Qd8 16. Rd2 {1-0 (50) Matlakov,M (2714)-Kovalev,V (2629) Minsk 2017}) 12. Qc2 a6 13. a4 $146 ({Predecessor:} 13. b3 e6 14. Rad1 Qe7 15. Bc1 Rfc8 16. a4 {½-½ (24) Khairullin,I (2575)-Shomoev,A (2566) Zvenigorod 2008}) 13... e6 14. Rad1 Qc7 15. b3 Rbc8 16. Rd2 Qb8 17. Qb1 Nc5 18. Nde2 Rfd8 19. Rfd1 {[%cal Bf1d1,Bd1d6,Bd6b6][%mdl 32]} Qa8 {[%cal Rf6e4]} 20. Rxd6 (20. f3 {looks sharper.} Qb8 21. Qa2 Qc7 22. g4 h6 23. h4) 20... Rxd6 21. Rxd6 Nfxe4 22. Nxe4 Bxe4 23. Bxe4 Nxe4 24. Rxb6 Rd8 (24... Bf8 $11 {remains equal.}) 25. Qc2 $1 $16 Nc3 $2 (25... Nf6 $16) 26. Nxc3 $18 Bxc3 {[#]} 27. Kh2 $2 ({And not} 27. Bg5 f6 $15) ({Only move:} 27. c5 $1 $18) 27... Ba5 $11 28. b4 Bxb6 29. Bxb6 {[%mdl 4096] Endgame KQR-KQB} Rd7 30. Qe2 $1 Qc6 31. a5 Qa4 $1 $36 {[%cal Ra4b4][%mdl 2048] Black has the initiative.} 32. Qb2 Qd1 33. Qf6 {And now b5 would win.} (33. Qe5 $5 {[%cal Rb4b5]} Qd3 34. Qb8+ Kg7 35. Qc8 $11) 33... Qd3 (33... Qe1 $5 {[%cal Rd7d1]} 34. Bd4 Rxd4 35. Qxd4 Qxb4 $11) 34. Be3 ({White should play} 34. Qf4 $11) 34... Qxc4 $15 35. b5 $2 {[#]} (35. Bf4 $17) 35... Rd1 $1 $19 {Strongly threatening ...Qf1.} ({Weaker is} 35... axb5 36. Bf4 $17) 36. Bh6 {[%csl Gh6][%cal Rf6g7]} Qd4 37. Qxd4 Rxd4 38. bxa6 {KR-KB} Rd5 39. a7 Rxa5 40. Be3 f6 41. h4 Kf7 42. Kg2 e5 43. Kf3 Ke6 44. g4 $2 (44. Ke2) 44... f5 45. gxf5+ $2 (45. Kg2) 45... gxf5 46. Bb6 $2 (46. Ke2) 46... Ra3+ 47. Ke2 Kd5 48. f3 Kc6 (48... h5 $142 49. Bf2 Kc6) 49. Bf2 Kb7 50. Bg3 Ra2+ 51. Kd3 {[#]} e4+ $1 52. fxe4 Ra3+ {Black mates.} 53. Kd4 Rxg3 54. exf5 Rg4+ 55. Ke5 Rxh4 56. f6 Rh1 57. f7 Rf1 {Precision: White = 31%, Black = 65%.} 0-1

[Event "Satka Autumn 2017"]
[Site "Satka"]
[Date "2017.09.15"]
[Round "4"]
[White "Vinokur, Yuliya"]
[Black "Trapeznikova, Darya"]
[Result "1/2-1/2"]
[WhiteElo "2086"]
[BlackElo "2101"]
[Annotator "TA"]
[PlyCount "80"]
[EventDate "2017.??.??"]
[EventType "swiss"]
[EventCountry "RUS"]
[SourceTitle "playchess.com"]
[Source "ChessBase"]
[SourceQuality "1"]

{[%evp 9,80,-7,-2,-16,-4,-9,-8,-19,-15,-11,0,-14,-11,-14,8,-5,0,0,6,0,22,36,31,19,31,31,30,28,30,10,8,0,32,29,97,62,106,0,0,0,0,0,0,-7,67,50,54,52,54,50,64,68,68,8,8,8,27,8,8,0,11,14,27,0,0,0,0,0,0,0,0,0,0]} 1. Nf3 f5 2. d3 d6 3. e4 e5 4. g3 Nf6 5. exf5 Bxf5 6. Bg2 {A04: Unusual lines after 1 Nf3 and King's Indian Attack} Nc6 7. O-O Qd7 (7... Be7 8. Re1 O-O 9. Nc3 Qd7 10. d4 Nxd4 11. Nxd4 exd4 12. Qxd4 c6 13. Bf4 Bxc2 14. Qc4+ Kh8 15. Qe2 {1-0 (15) Mrva,M (2474)-Sikula,V (2528) Slovakia 2010}) 8. c3 Be7 9. d4 exd4 10. Nxd4 Nxd4 11. cxd4 $146 ({Predecessor:} 11. Qxd4 c6 {0-1 (37) Schian,T (2300)-Schnabel,R (2245) Germany 1999}) 11... d5 12. Bf4 O-O 13. Nd2 Bd6 14. Be5 Bxe5 15. dxe5 Ng4 16. Qb3 Nxe5 17. Qxb7 c6 18. Qxd7 Bxd7 19. f4 Nd3 20. b3 Bf5 21. Nf3 Rad8 (21... Be4 $11) 22. Rfd1 c5 {[%cal Bc6c5,Bc5c4][%mdl 32] [#]} 23. Ne5 (23. Bf1 $1 $16 {[%cal Rf1d3]} c4 24. Bxd3 Bxd3 25. Ne5) 23... Nxe5 $1 $11 24. fxe5 Be6 25. Rac1 c4 26. Rd4 Rb8 ({Better is} 26... Kf7 $11) 27. Bxd5 Bxd5 28. Rxd5 cxb3 29. axb3 $14 {[%mdl 4096] Endgame KRR-KRR} Rf7 30. e6 Re7 31. Re1 (31. Rd7 $14 Rxe6 32. Rcc7 (32. Rxa7 h6 $16)) 31... Kf8 $11 32. Re3 Reb7 33. Kf2 Ke7 34. Kf3 (34. Rh5 $5 {[%cal Rh5h7]}) 34... g6 35. Kf4 h6 36. g4 Rf8+ {The position is equal.} 37. Kg3 Rf6 38. Rde5 (38. Rd7+ $5 Rxd7 39. exd7+ Kxd7 40. b4 $11) 38... Rb6 39. Rc5 Rfxe6 40. Rc7+ Kd6 {Precision: White = 43%, Black = 59%.} 1/2-1/2

[Event "Satka Autumn 2017"]
[Site "Satka"]
[Date "2017.09.15"]
[Round "4"]
[White "Nasyrova, Ekaterina"]
[Black "Sazonova, Anastasia"]
[Result "1/2-1/2"]
[WhiteElo "2017"]
[BlackElo "2155"]
[Annotator "TA"]
[PlyCount "98"]
[EventDate "2017.??.??"]
[EventType "swiss"]
[EventCountry "RUS"]
[SourceTitle "playchess.com"]
[Source "ChessBase"]
[SourceQuality "1"]

{[%evp 18,98,8,3,0,16,18,-3,-8,-6,0,0,0,0,21,0,5,3,0,2,83,0,43,0,20,22,23,0,0,0,0,-7,0,-24,0,-2,-2,-2,-2,-4,-4,-13,-16,-40,-37,-35,-38,-57,-13,-16,-18,-64,-64,-64,-66,-66,-36,-37,-36,-37,-37,-37,-37,-37,-37,-52,-52,-52,-52,-65,-52,-52,-52,-52,-52,-52,-52,-52,-52,-52,-52,-52,-52]} 1. d4 d5 2. Nf3 Nf6 3. c4 c6 4. Nc3 dxc4 5. a4 Bf5 6. e3 e6 7. Ne5 Nbd7 8. Nxc4 {D17: Slav Defence: 5 a4 Bf5: Lines with 6 Nh4 and 6 Ne5} Nb6 9. Be2 Nxc4 10. Bxc4 {LiveBook: 4 Games. The position is equal.} Bb4 11. O-O O-O 12. Qe2 Bg6 13. Rd1 Qe7 14. f3 Rfd8 $146 ({Find the theoretical novelty and annotate with similar games:} 14... e5 15. dxe5 Qxe5 {½-½ (27) Brooks,I (2591)-Halldorsson,J (2495) ICCF email 2006}) 15. e4 e5 16. Be3 exd4 17. Rxd4 Rxd4 18. Bxd4 Rd8 (18... a6 $11) 19. Be3 ({Better is} 19. Bxa7 $16 Ba5 20. Be3) 19... h6 20. Rd1 a5 21. Rxd8+ Qxd8 22. Qd3 Qxd3 23. Bxd3 Nd7 24. Kf2 (24. Na2 $5 {[%cal Ra2b4]}) 24... f6 25. Ne2 Bf7 (25... Ne5 $5 {[%cal Re5d3]} 26. Bc2 Bf7 $11) 26. Bc2 Ne5 27. b3 b5 28. axb5 cxb5 29. Nf4 Kf8 30. Nd5 Bxd5 31. exd5 $15 {[%mdl 4096] Endgame KBB-KBN} Ke7 32. h4 Nd7 33. Ke2 Kd6 34. g4 Kxd5 {Black is slightly better.} 35. Be4+ Kd6 $1 36. Bf4+ Ke7 37. Bc6 Nc5 38. Bxb5 Nxb3 39. Kd3 Bd6 40. Be3 {Black should prevent Kc4.} Bc5 41. Kc4 Bxe3 42. Kxb3 {[#] KB-KB} h5 $1 {[%mdl 512]} 43. Bd3 (43. gxh5 Bd2) 43... Kf7 44. Ka4 Bd2 45. gxh5 Ke6 46. h6 gxh6 47. h5 Ke5 48. Bb5 Kf4 49. Bc6 Kg5 {Precision: White = 51%, Black = 59%.} 1/2-1/2

[Event "Satka Autumn 2017"]
[Site "Satka"]
[Date "2017.09.15"]
[Round "4"]
[White "Lomakina, Galja"]
[Black "Nosacheva, Mariya"]
[Result "1/2-1/2"]
[WhiteElo "1962"]
[BlackElo "2077"]
[Annotator "NA RC"]
[PlyCount "84"]
[EventDate "2017.??.??"]
[EventType "swiss"]
[EventCountry "RUS"]
[SourceTitle "playchess.com"]
[Source "ChessBase"]
[SourceQuality "1"]
[TimeControl "5400+30"]

{[%evp 8,84,29,18,30,31,25,18,15,14,25,10,8,12,6,0,26,38,109,104,114,120,148,147,149,116,153,128,145,106,100,83,134,114,127,71,81,81,101,106,109,-112,-108,-77,-79,-124,-120,-124,-13,-21,-5,-37,-19,-29,-36,-97,-113,-116,-152,-149,-125,-187,-37,-418,-469,-434,-305,-358,-324,-489,0,-412,-136,-152,-162,-185,-170,-169,-42]} 1. d3 {[%emt 0:00:00]} Nf6 {[%emt 0:00:13]} 2. g3 {[%emt 0:00:00]} e6 {[%emt 0:03:03]} 3. Nf3 {[%emt 0:00:00]} b5 {[%emt 0:00:06]} 4. Bg2 {[%emt 0:00:11]} Bb7 {[%emt 0:00:06]} 5. O-O {[%emt 0:00:21]} d6 {[%emt 0:01:17]} 6. e4 {[%emt 0:00:29]} Nbd7 {[%emt 0:00:09]} 7. b3 {[%emt 0:05:36]} c5 {[%emt 0:00:42]} 8. Bb2 {[%emt 0:00:48]} Be7 {[%emt 0:00:43]} 9. Nbd2 {[%emt 0:01:05]} O-O {[%emt 0:01:35]} 10. Qe2 {[%emt 0:00:31] LiveBook: 5 Games A05: Réti Opening: 1 Nf3 Nf6} Qc7 {[%emt 0:04:47]} 11. h3 $146 {[%emt 0:04:42]} ({Predecessor:} 11. c3 a5 12. a4 bxa4 13. bxa4 Nb6 14. e5 dxe5 15. Qxe5 Qd7 16. Qf4 Nfd5 17. Qg4 f5 {0-1 (32) Zhou,Y (2326)-Williams,S (2493) London 2010}) 11... c4 {[%emt 0:14:11]} 12. bxc4 {[%emt 0:02:38]} Rfc8 {[%emt 0:00:33]} (12... bxc4 $11 13. Nxc4 Rab8) 13. Nd4 {[%emt 0:07:04]} bxc4 {[%emt 0:01:40]} 14. Nxc4 {[%emt 0:01:11]} Ne5 {[%emt 0:17:44]} 15. Ne3 {[%emt 0:02:54]} Rab8 {[%emt 0:02:41]} 16. Rfb1 {[%emt 0:04:15]} Qa5 {[%emt 0:06:22]} 17. f4 {[%emt 0:07:12]} Nc6 {[%emt 0:01:01]} 18. Nxc6 {[%emt 0:07:26]} Bxc6 {[%emt 0:01:27]} 19. Kh2 {[%emt 0:01:49]} Qa4 {[%emt 0:09:21]} 20. c4 {[%emt 0:06:03]} Nd7 {[%emt 0:05:34]} 21. f5 {[%emt 0:07:49]} e5 {[%emt 0:03:10]} 22. h4 {[%emt 0:07:05]} Nc5 {[%emt 0:02:18]} 23. Bh3 {[%emt 0:05:08]} Rc7 {[%emt 0:02:38]} 24. Bxe5 $2 {[%emt 0:09:41]} (24. Bc3 $16 {stays on course.} Rcb7 25. Rxb7 Rxb7 26. Qd2) 24... Rxb1 {[%emt 0:02:27]} 25. Rxb1 {[%emt 0:00:11]} dxe5 {[%emt 0:01:10]} 26. Rb8+ {[%emt 0:00:05]} Bf8 {[%emt 0:01:42]} 27. f6 {[%emt 0:02:17]} g6 {[%emt 0:02:19]} (27... Rb7 $17 28. Rd8 Be8) 28. Ng4 {[%emt 0:06:47]} Be8 {[%emt 0:01:07]} 29. Nxe5 {[%emt 0:00:38]} Rb7 {[%emt 0:03:06]} 30. Rxb7 {[%emt 0:02:12]} Nxb7 {[%emt 0:00:02]} 31. d4 {[%emt 0:00:21]} Qa6 {[%emt 0:00:36]} 32. Bc8 {[%emt 0:01:18] [#]} Qb6 $1 {[%emt 0:01:12]} 33. Bxb7 {[%emt 0:01:34]} Qxb7 {[%emt 0:00:14]} 34. c5 {[%emt 0:00:38] [#]} h5 $2 {[%emt 0:00:27]} (34... Qb4 $1 $19 {[%cal Rb4d4]} 35. Nf3 Bh6) 35. Nc4 $2 {[%emt 0:03:17]} (35. Qc2 $1 $15) 35... Qa6 {[%emt 0:00:29]} 36. Qc2 {[%emt 0:01:01]} Qxf6 {[%emt 0:00:11]} 37. Ne5 $1 $11 {[%emt 0:00:16]} Qe6 {[%emt 0:02:01]} 38. Qc4 $2 {[%emt 0:00:53]} (38. c6 {kämpft weiter.}) 38... Qf6 $2 {[%emt 0:01:01]} (38... Bg7 $19 39. Qxe6 fxe6) 39. c6 $2 {[%emt 0:00:46]} Bd6 $2 {[%emt 0:00:46]} (39... Qf2+ $19 {is more deadly.} 40. Kh1 (40. Kh3 $2 Bd6 $19) 40... Qxg3) 40. c7 {[%emt 0:01:19]} Qf2+ {[%emt 0:00:31]} 41. Kh1 {[%emt 0:00:41] [#]} Bxc7 $19 {[%emt 0:01:20]} 42. Qxc7 {[%emt 0:00:21]} Qf1+ {[%emt 0:00:05]} ({Worse is} 42... Qxg3 43. Qd8 $15) (42... Qxd4 $19 43. Qb8 Qxe4+ 44. Kh2 Qa4) 1/2-1/2